Calculus refresher

Αποθηκεύτηκε σε:
Λεπτομέρειες βιβλιογραφικής εγγραφής
Κύριος συγγραφέας: Klaf, A. Albert
Μορφή: Βιβλίο
Γλώσσα:English
Δημοσίευση: New York : Dover Publications, 1956
Θέματα:
Ετικέτες: Προσθήκη ετικέτας
Δεν υπάρχουν, Καταχωρήστε ετικέτα πρώτοι!

MARC

LEADER 00000nam a2200000 i 4500
001 1/72928
008 050309s1956 eng d
020 |a 0-486-20370-0 (pbk.) 
035 |l 10076958 
040 |a GR-MY-UA  |b gre  |e aacr 
041 0 |a eng 
082 0 |a 515  |2 (21) 
100 1 |a Klaf, A. Albert. 
245 1 0 |a Calculus refresher /  |c by A. Albert Klaf 
260 |a New York :   |b Dover Publications,   |c 1956 
300 |a viii, 439 σ.;  |c 22 εκ. 
500 |a Originally published: McGraw-Hill, 1944 
500 |a Improve your working knowledge ... method. With applications to mechanical ... engineering. 
504 |a Περιλαμβάνει ευρετήριο 
650 0 0 |a Calculus. 
852 |a INST  |b CHIOS  |e 20050309  |h 515 KLA  |p 005200021909  |q 005200021909  |t BK  |y 0 
901 |a BIBL2-2005-1 
909 |a Χ  |b 112992 
920 |a ΔΙΕΥΡΥΝΣΗ  |b ΕΠΕΑΕΚ-ΤΜΟΔ  |y ΧΙΟΣ  |z 2004-12 
970 |a ΣΑΛΑΜΟΥΡΑ  |b ΜΑΡΙΑ  |z 2005/03/09